Statistics for The A Quiz

Click here to take the quiz!

General Stats

  • This quiz has been taken 31 times
  • The average score is 10 of 15

Answer Stats

Answer% Correct
Amsterdam
80%
Alfred Hitchcock
80%
Al Gore
77%
Athens
73%
Argentina
73%
Astaire
70%
Azerbaijan
70%
Aqueduct
70%
Agra
67%
Austria
63%
Andorra
63%
Acropolis
60%
Augustus
53%
Attila The Hun
33%
Agatha Christie
20%

Score Distribution

Percentile by Number Answered

Percent of People with Each Score

Your Score History

You have not taken this quiz